00287nam a2200109Ia 4500008004100000041000800041100001600049245003200065260003500097300000900132700003600141250110s9999 xx 000 0 und d aeng aTupe Mayuri a100 Bedded General Hospital bFinal Year B. Arch, BNCAc2011 a112p aGuide Name:Sahastrabuddhe Swati